书目信息 |
| 题名: |
李望平静物写生新作选
|
|
| 作者: | 李望平 绘 | |
| 分册: | ||
| 出版信息: | 天津 天津杨柳青画社 2007.10 |
|
| 页数: | 24页 | |
| 开本: | 29cm | |
| 丛书名: | 现代水粉名家教学示范 | |
| 单 册: | ||
| 中图分类: | J225 | |
| 科图分类: | ||
| 主题词: | 水粉画--shui fen hua--静物画--写生画--中国--现代--画册 | |
| 电子资源: | ||
| ISBN: | 978-7-80738-260-7 | |
| 000 | 00957nam 2200253 450 | |
| 001 | 012008265386 | |
| 005 | 20080130135826.68 | |
| 010 | @a978-7-80738-260-7@dCNY18.00 | |
| 100 | @a20080130d2007 em y0chiy0120 ea | |
| 101 | 0 | @achi |
| 102 | @aCN@b120000 | |
| 105 | @aa z 000yy | |
| 106 | @ar | |
| 200 | 1 | @a李望平静物写生新作选@Ali wang ping jing wu xie sheng xin zuo xuan@f李望平绘@Fli wang ping hui |
| 210 | @a天津@c天津杨柳青画社@d2007.10 | |
| 215 | @a24页@c图@d29cm | |
| 225 | 2 | @a现代水粉名家教学示范@Axian dai shui fen ming jia jiao xue shi fan |
| 330 | @a水粉静物写生是一门美术、艺术设计的基础课,本书为李望平的静物写生作品集,选录了他多幅水粉静物写生范画,并对水粉静物写生技法作简略而精当的解析。 | |
| 410 | 0 | @12001 @a现代水粉名家教学示范 |
| 606 | 0 | @a水粉画@Ashui fen hua@x静物画@x写生画@y中国@z现代@j画册 |
| 690 | @aJ225@v4 | |
| 701 | 0 | @a李望平@Ali wang ping@4绘 |
| 801 | 0 | @aCN@bQSSK@c20080130 |
| 905 | @b281239-41@dJ225@eL284@f3 | |
| 李望平静物写生新作选/李望平绘.-天津:天津杨柳青画社,2007.10 |
| 24页:图;29cm.-(现代水粉名家教学示范) |
| ISBN 978-7-80738-260-7:CNY18.00 |
| 水粉静物写生是一门美术、艺术设计的基础课,本书为李望平的静物写生作品集,选录了他多幅水粉静物写生范画,并对水粉静物写生技法作简略而精当的解析。 |
| ● |
| 相关链接 |
|
|
|
正题名:李望平静物写生新作选
索取号:J225/L284
 
预约/预借
| 序号 | 登录号 | 条形码 | 馆藏地/架位号 | 状态 | 备注 |
| 1 | 281239 | 202812395 | 社科库309/309社科库 76排1列4层/ [索取号:J225/L284] | 在馆 | |
| 2 | 281240 | 202812402 | 社科库309/309社科库 997排2列1层/ [索取号:J225/L284] | 在馆 | |
| 3 | 281241 | 202812411 | 自科二线404/309社科库 76排2列5层/ [索取号:J225/L284] | 在馆 |